[Event "Schachfestival 2016 - Open"]
[Site "Bad Woerishofen"]
[Date "2016.02.29"]
[Round "5.70"]
[White "Wilms, Robert"]
[Black "Wieczorek, Heinz"]
[Result "0-1"]
[WhiteElo "1948"]
[BlackElo "1766"]
[Annotator "chessorg"]
[PlyCount "32"]
[EventDate "2016.??.??"]
[WhiteTeam "Bramfelder Schachklub v. 1947 e.V."]
[BlackTeam "SC Schwarz-Weiß Nuernberg Sued"]

1. e4 e5 2. Nf3 Nc6 3. d4 exd4 4. Nxd4 Bc5 5. Be3 Qf6 6. c3 Nge7 7. Bc4 Ne5 8.
Bb3 d6 9. Nd2 Qg6 10. N2f3 Bxd4 11. Qxd4 Qxg2 12. Nxe5 dxe5 13. Qa4+ Bd7 14.
Qxd7+ Kxd7 15. O-O-O+ Ke8 16. Rhg1 Qxe4 0-1

[Event "Festival Bad Wörishofen"]
[Site "chess24.com"]
[Date "2016.03.02"]
[Round "6.1"]
[White "Kveinys, Aloyzas"]
[Black "Milov, Leonid"]
[Result "1/2-1/2"]
[WhiteElo "2524"]
[BlackElo "2439"]
[PlyCount "66"]
[EventDate "2016.??.??"]
[WhiteTeam "Litauen"]
[BlackTeam "Deutschland"]
[WhiteTeamCountry "LTU"]
[BlackTeamCountry "GER"]

1. Nf3 d5 2. d4 c6 3. Bf4 Bf5 4. e3 e6 5. Be2 Nd7 6. O-O h6 7. c4 Ngf6 8. Qb3
Qb6 9. c5 Qxb3 10. axb3 g5 11. Bg3 Ne4 12. b4 Nxg3 13. hxg3 g4 14. Nh4 Bxb1 15.
Rfxb1 a6 16. Bxg4 Rb8 17. Be2 Bg7 18. f3 h5 19. Kf2 Nf6 20. Bd3 Kd7 21. Rh1 Rh6
22. Ke2 Rg8 23. Rh3 Kc7 24. Rah1 Bf8 25. f4 Ne4 26. Bxe4 dxe4 27. f5 Rf6 28.
Rf1 Bh6 29. Rf2 Kd8 30. fxe6 Rxf2+ 31. Kxf2 fxe6 32. g4 hxg4 33. Rh1 Ke8
1/2-1/2

[Event "Festival Bad Wörishofen"]
[Site "chess24.com"]
[Date "2016.03.02"]
[Round "6.2"]
[White "Pezerovic, Edin"]
[Black "Werle, Jan"]
[Result "0-1"]
[WhiteElo "2423"]
[BlackElo "2545"]
[PlyCount "143"]
[EventDate "2016.??.??"]
[WhiteTeam "Deutschland"]
[BlackTeam "Niederlande"]
[WhiteTeamCountry "GER"]
[BlackTeamCountry "NED"]

1. d4 Nf6 2. Bf4 e6 3. e3 d5 4. Nd2 c5 5. c3 Nc6 6. Ngf3 Bd6 7. Bg3 O-O 8. Bd3
b6 9. Ne5 Bb7 10. O-O Qc7 11. Nxc6 Bxc6 12. Bxd6 Qxd6 13. Nf3 c4 14. Bc2 b5 15.
Ne5 a5 16. Qf3 Ra7 17. Qh3 Ne4 18. f3 Ng5 19. Qh5 f6 20. Nxc6 Qxc6 21. e4 dxe4
22. h4 g6 23. Qg4 Nf7 24. fxe4 e5 25. d5 Qb6+ 26. Kh1 Kg7 27. Rf3 h5 28. Qg3
Nh6 29. Bd1 Nf7 30. Bc2 Nd6 31. Raf1 Raf7 32. Qe1 b4 33. Rg3 Kh7 34. Bd1 f5 35.
exf5 Nxf5 36. Rgf3 Qd6 37. Kg1 bxc3 38. bxc3 Qxd5 39. Bc2 Nd6 40. Rxf7+ Rxf7
41. Rxf7+ Nxf7 42. Qe2 Kg7 43. g4 hxg4 44. Qxg4 Qc5+ 45. Kh1 Qc6+ 46. Be4 Qf6
47. h5 Qf1+ 48. Kh2 Qf2+ 49. Kh1 g5 50. h6+ Kxh6 51. Qe6+ Kg7 52. Qxc4 Qh4+ 53.
Kg2 Qg4+ 54. Kf2 Qf4+ 55. Kg2 Qd2+ 56. Kg3 Qf4+ 57. Kg2 g4 58. Qd3 Nd6 59. Qxd6
Qxe4+ 60. Kg3 Qf3+ 61. Kh4 Qf4 62. Qe7+ Kg6 63. Qe6+ Qf6+ 64. Qxf6+ Kxf6 65.
Kxg4 Ke6 66. c4 a4 67. a3 Kd6 68. Kf5 Kc5 69. Kxe5 Kxc4 70. Ke4 Kb3 71. Kd3
Kxa3 72. Kc2 0-1

[Event "Festival Bad Wörishofen"]
[Site "chess24.com"]
[Date "2016.03.02"]
[Round "6.3"]
[White "Chatalbashev, Boris"]
[Black "Naumkin, Igor"]
[Result "0-1"]
[WhiteElo "2563"]
[BlackElo "2413"]
[PlyCount "88"]
[EventDate "2016.??.??"]
[WhiteTeam "Bulgarien"]
[BlackTeam "Russland"]
[WhiteTeamCountry "BUL"]
[BlackTeamCountry "RUS"]

1. d4 Nf6 2. c4 e6 3. Nc3 Bb4 4. Nf3 c5 5. g3 O-O 6. Bg2 d5 7. cxd5 cxd4 8.
Nxd4 Nxd5 9. Qb3 Nc6 10. Nxc6 bxc6 11. O-O a5 12. Rd1 Qe7 13. Na4 f5 14. Qc2
Kh8 15. a3 Bd6 16. e4 fxe4 17. Bxe4 h6 18. Re1 Rb8 19. Bd2 Qa7 20. Re2 Be7 21.
Be1 Bf6 22. Rd1 Bd4 23. Nc3 e5 24. Kg2 Qd7 25. Kg1 Qh3 26. Bg2 Qh5 27. Red2 Bg4
28. Rc1 Bf3 29. Bxf3 Rxf3 30. Ne4 Qg4 31. Nd6 Rxb2 32. Qe4 Rf4 33. Qd3 Rxd2 34.
Qxd2 Rf6 35. Rxc6 Qg6 36. Rc8+ Kh7 37. Nb5 Nf4 38. Qc2 Bxf2+ 39. Kxf2 Nd3+ 40.
Ke3 Rf3+ 41. Kd2 e4 42. Qc6 Qg5+ 43. Kd1 Qe3 44. Bc3 Qc1+ 0-1

[Event "Festival Bad Wörishofen"]
[Site "chess24.com"]
[Date "2016.03.02"]
[Round "6.4"]
[White "Friedrich, Norbert"]
[Black "Bogner, Sebastian"]
[Result "1-0"]
[WhiteElo "2209"]
[BlackElo "2539"]
[PlyCount "105"]
[EventDate "2016.??.??"]
[WhiteTeam "Deutschland"]
[BlackTeam "Schweiz"]
[WhiteTeamCountry "GER"]
[BlackTeamCountry "SUI"]

1. e4 c5 2. Nf3 d6 3. Bb5+ Nd7 4. c3 Ngf6 5. Qe2 a6 6. Ba4 b5 7. Bc2 Bb7 8. d4
e6 9. O-O Be7 10. Re1 O-O 11. Nbd2 Qc7 12. Nf1 Rfe8 13. Ng3 Rac8 14. Bd3 Bf8
15. a4 c4 16. Bc2 g6 17. h3 Bg7 18. Be3 Nb6 19. axb5 axb5 20. Qd2 Ra8 21. Bh6
Bh8 22. Nh2 Rxa1 23. Rxa1 Ra8 24. Qc1 Qc8 25. Bf4 Qb8 26. Rxa8 Qxa8 27. f3 e5
28. dxe5 dxe5 29. Bxe5 Nxe4 30. Bxh8 Nxg3 31. Qe1 Kxh8 32. Qxg3 Qe8 33. Ng4 Nd7
34. Qd6 Kg7 35. Kf2 h5 36. Qd4+ f6 37. Ne3 Qe6 38. f4 Qc6 39. f5 g5 40. Be4 Qc7
41. Bxb7 Qxb7 42. Qd6 Ne5 43. Nd5 Qf7 44. Nc7 Nd3+ 45. Kf1 Nxb2 46. Qd8 b4 47.
Ne8+ Kh7 48. Nxf6+ Kg7 49. Nxh5+ Kh6 50. g4 Kh7 51. Qxg5 Qf8 52. Qg6+ Kh8 53.
Nf6 1-0

[Event "Festival Bad Wörishofen"]
[Site "chess24.com"]
[Date "2016.03.02"]
[Round "6.5"]
[White "Karpatchev, Aleksandr"]
[Black "Felgendreher, Heiko"]
[Result "1-0"]
[WhiteElo "2475"]
[BlackElo "2219"]
[PlyCount "55"]
[EventDate "2016.??.??"]
[WhiteTeam "Russland"]
[BlackTeam "Deutschland"]
[WhiteTeamCountry "RUS"]
[BlackTeamCountry "GER"]

1. e4 c5 2. c3 d5 3. exd5 Qxd5 4. d4 Nc6 5. Nf3 Bg4 6. Be2 cxd4 7. cxd4 e6 8.
Nc3 Qa5 9. h3 Bh5 10. d5 exd5 11. O-O Nf6 12. Nd4 Nxd4 13. Bxh5 Ne6 14. Re1 g6
15. Bg4 O-O-O 16. Bg5 Bg7 17. Qf3 Nxg4 18. Bxd8 Rxd8 19. Qxf7 Nh6 20. Qxe6+ Kb8
21. g4 d4 22. Ne4 Qb4 23. a3 Qf8 24. Rad1 Qf4 25. Nc5 Ng8 26. Qb3 b6 27. Ne6
Qf7 28. Qg3+ 1-0

[Event "Festival Bad Wörishofen"]
[Site "chess24.com"]
[Date "2016.03.02"]
[Round "6.6"]
[White "Cocchi, Andrea"]
[Black "Fries, Frederik"]
[Result "1-0"]
[WhiteElo "2230"]
[BlackElo "2269"]
[PlyCount "137"]
[EventDate "2016.??.??"]
[WhiteTeam "Italien"]
[BlackTeam "Deutschland"]
[WhiteTeamCountry "ITA"]
[BlackTeamCountry "GER"]

1. Nf3 d5 2. d4 Nc6 3. Bf4 Bg4 4. e3 e6 5. Be2 Bd6 6. Bg3 Nf6 7. Nbd2 O-O 8.
O-O Re8 9. Ne5 Bxe2 10. Qxe2 Ne7 11. c3 Nf5 12. Bf4 c5 13. g4 Ne7 14. Qf3 Bxe5
15. Bxe5 Nd7 16. Bg3 Qb6 17. Rab1 Nc6 18. Nb3 Rad8 19. Rfd1 a5 20. Bh4 Rc8 21.
e4 cxd4 22. Nxd4 Nde5 23. Qe2 Nxd4 24. cxd4 Ng6 25. Bg3 dxe4 26. Qxe4 Ne7 27.
Rd3 Nd5 28. Be5 Qc6 29. Rh3 Qc2 30. Qe1 Rc6 31. Rd1 Rec8 32. Kg2 b6 33. Rdd3
Ne7 34. Bxg7 Kxg7 35. Qe5+ Kf8 36. Rxh7 Ke8 37. Qf6 Kd7 38. Rxf7 Re8 39. Re3
Qd1 40. h3 Rd6 41. Re4 Qd3 42. f3 Qc2+ 43. Kg3 Qb1 44. g5 Qxa2 45. Rg7 Qd5 46.
Rh4 Kd8 47. Rh8 Rd7 48. Rgh7 Rxh8 49. Rxh8+ Kc7 50. Qf4+ Kc6 51. Re8 Nf5+ 52.
Kg4 Nxd4 53. Qe4 Qxe4+ 54. fxe4 Kd6 55. h4 Ke5 56. h5 Rc7 57. h6 Rc1 58. h7
Rg1+ 59. Kh5 Rh1+ 60. Kg6 Kxe4 61. h8=Q Rxh8 62. Rxh8 b5 63. Kf6 a4 64. g6 Nf5
65. Kxe6 b4 66. Kf6 a3 67. bxa3 bxa3 68. Ra8 Nd6 69. g7 1-0

[Event "Festival Bad Wörishofen"]
[Site "chess24.com"]
[Date "2016.03.02"]
[Round "6.7"]
[White "Buchal, Stephan"]
[Black "Friedel, Marcus"]
[Result "1/2-1/2"]
[WhiteElo "2315"]
[BlackElo "2125"]
[PlyCount "53"]
[EventDate "2016.??.??"]
[WhiteTeam "Deutschland"]
[BlackTeam "Deutschland"]
[WhiteTeamCountry "GER"]
[BlackTeamCountry "GER"]

1. c4 c6 2. Nf3 d5 3. g3 Nf6 4. Bg2 Bg4 5. Ne5 Be6 6. cxd5 Bxd5 7. Nf3 c5 8.
Nc3 Bc6 9. O-O e6 10. d3 Be7 11. e4 Nbd7 12. Qe2 O-O 13. d4 b6 14. Rd1 Re8 15.
Ne5 Nxe5 16. dxe5 Nd7 17. Nb5 Qb8 18. Nd6 Rd8 19. Bf4 Nf8 20. Rd2 Ng6 21. Rad1
Rd7 22. Qh5 Qf8 23. Bg5 Rad8 24. Bxe7 Nxe7 25. Qg5 h6 26. Qe3 Nc8 27. Nxc8
1/2-1/2

[Event "Festival Bad Wörishofen"]
[Site "chess24.com"]
[Date "2016.03.02"]
[Round "6.8"]
[White "Boehmer, Christian"]
[Black "Pap, Misa"]
[Result "0-1"]
[WhiteElo "2212"]
[BlackElo "2483"]
[PlyCount "66"]
[EventDate "2016.??.??"]
[WhiteTeam "Deutschland"]
[BlackTeam "Serbien"]
[WhiteTeamCountry "GER"]
[BlackTeamCountry "SRB"]

1. e4 c5 2. Nf3 Nc6 3. d4 cxd4 4. Nxd4 Qb6 5. Nb3 Nf6 6. Nc3 e6 7. Bd3 a6 8.
Qe2 d6 9. Bd2 Be7 10. O-O Qc7 11. f4 b5 12. a3 Bb7 13. Rae1 h5 14. Nd1 Rc8 15.
Rf3 h4 16. Nf2 e5 17. Bc3 Qb6 18. Kh1 Rd8 19. Bd2 exf4 20. Rxf4 Nh5 21. Rf5 g6
22. Rf3 Bc8 23. e5 Nxe5 24. Ba5 Qa7 25. Bxd8 Ng3+ 26. hxg3 hxg3+ 27. Nh3 Bxh3
28. Qe3 Be6+ 29. Kg1 Nxf3+ 30. gxf3 Qxe3+ 31. Rxe3 Bxd8 32. Kg2 Bb6 33. Re2 Bf2
0-1

[Event "Festival Bad Wörishofen"]
[Site "chess24.com"]
[Date "2016.03.02"]
[Round "6.9"]
[White "Mueller, Werner"]
[Black "Singer, Christoph"]
[Result "1/2-1/2"]
[WhiteElo "2180"]
[BlackElo "2316"]
[PlyCount "58"]
[EventDate "2016.??.??"]
[WhiteTeam "Deutschland"]
[BlackTeam "Deutschland"]
[WhiteTeamCountry "GER"]
[BlackTeamCountry "GER"]

1. e4 e5 2. Nf3 Nc6 3. Bb5 Nf6 4. d3 d6 5. c3 Bd7 6. Nbd2 g6 7. Nf1 Bg7 8. Ne3
O-O 9. h3 Nd4 10. Bxd7 Nxf3+ 11. Qxf3 Qxd7 12. Ng4 Nh5 13. Be3 d5 14. g3 f5 15.
exf5 Rxf5 16. Qd1 d4 17. Bh6 Raf8 18. O-O Kh8 19. Qe2 dxc3 20. bxc3 Bxh6 21.
Nxh6 Rf3 22. Qxe5+ Ng7 23. Kg2 Rxd3 24. Rae1 Qc6+ 25. Kg1 Rxc3 26. Qe7 Rcf3 27.
Rc1 Qd6 28. Qxc7 Rxg3+ 29. fxg3 Qd4+ 1/2-1/2

[Event "Festival Bad Wörishofen"]
[Site "chess24.com"]
[Date "2016.03.02"]
[Round "6.10"]
[White "Schulze, Ulrich"]
[Black "Rosin, Julius"]
[Result "0-1"]
[WhiteElo "2296"]
[BlackElo "1953"]
[PlyCount "99"]
[EventDate "2016.??.??"]
[WhiteTeam "Deutschland"]
[BlackTeam "Deutschland"]
[WhiteTeamCountry "GER"]
[BlackTeamCountry "GER"]

1. Nf3 d5 2. g3 Nf6 3. Bg2 e6 4. O-O Be7 5. d4 O-O 6. c4 b6 7. Nc3 Bb7 8. Ne5
c6 9. e4 dxe4 10. Nxe4 Nxe4 11. Bxe4 Qc7 12. Qc2 h6 13. Bf4 Bd6 14. Rfe1 Nd7
15. Nxd7 Qxd7 16. Bxd6 Qxd6 17. Rad1 Rfd8 18. c5 Qc7 19. Re3 Rd7 20. Rc3 Rc8
21. f4 Rcd8 22. Rcd3 bxc5 23. dxc5 Ba6 24. R3d2 Kf8 25. Qc3 Rxd2 26. Rxd2 Rxd2
27. Qxd2 Bc4 28. b4 Bd5 29. Qc2 Bxe4 30. Qxe4 Qd7 31. b5 cxb5 32. c6 Qd6 33.
Qc2 Qc7 34. Qc5+ Ke8 35. Kf1 a6 36. Ke2 f6 37. h4 Kf7 38. h5 Ke8 39. a3 Kf7 40.
g4 Ke8 41. Ke3 Qe7 42. Kd4 e5+ 43. fxe5 fxe5+ 44. Qxe5 Qxe5+ 45. Kxe5 Kd8 46.
Kd5 Kc8 47. Kd6 Kd8 48. c7+ Kc8 49. Kc6 a5 50. Kxb5 0-1

[Event "Schachfestival 2016 - Open"]
[Site "Bad Woerishofen"]
[Date "2016.03.03"]
[Round "7.1"]
[White "Naumkin, Igor"]
[Black "Kveinys, Aloyzas"]
[Result "1/2-1/2"]
[WhiteElo "2413"]
[BlackElo "2524"]
[PlyCount "25"]
[EventDate "2016.??.??"]

1. d4 Nf6 2. c4 e6 3. Nf3 d5 4. Nc3 c5 5. cxd5 Nxd5 6. e4 Nxc3 7. bxc3 cxd4 8.
cxd4 Bb4+ 9. Bd2 Bxd2+ 10. Qxd2 O-O 11. Bc4 Nd7 12. O-O b6 13. Rad1 1/2-1/2

[Event "Schachfestival 2016 - Open"]
[Site "Bad Woerishofen"]
[Date "2016.03.03"]
[Round "7.2"]
[White "Werle, Jan"]
[Black "Cocchi, Andrea"]
[Result "1-0"]
[WhiteElo "2545"]
[BlackElo "2230"]
[PlyCount "69"]
[EventDate "2016.??.??"]

1. d4 Nf6 2. c4 e6 3. Nc3 d5 4. cxd5 exd5 5. Bg5 c6 6. e3 Nbd7 7. Bd3 Be7 8.
Qc2 Nh5 9. Bxe7 Qxe7 10. Nge2 Ndf6 11. O-O O-O 12. Rae1 g6 13. Nc1 Qd6 14. f3
Be6 15. Qf2 Rad8 16. Qh4 Nd7 17. N1e2 Qb4 18. Rb1 Nb6 19. a3 Qd6 20. e4 c5 21.
e5 Qc7 22. Nb5 Qb8 23. dxc5 Nd7 24. f4 Nxc5 25. Bc2 d4 26. Nexd4 Bc4 27. Rfd1
Bxb5 28. Nxb5 Ne6 29. f5 Qxe5 30. fxe6 Rxd1+ 31. Rxd1 Qxb5 32. e7 Re8 33. Rd8
Qb6+ 34. Qf2 Qc6 35. Bb3 1-0

[Event "Schachfestival 2016 - Open"]
[Site "Bad Woerishofen"]
[Date "2016.03.03"]
[Round "7.3"]
[White "Karpatchev, AleKsandr"]
[Black "Pezerovic, Edin"]
[Result "1/2-1/2"]
[WhiteElo "2475"]
[BlackElo "2423"]
[PlyCount "99"]
[EventDate "2016.??.??"]

1. e4 c6 2. c4 d5 3. cxd5 cxd5 4. exd5 Nf6 5. Nc3 Nxd5 6. Nf3 Nc6 7. Bb5 Nxc3
8. bxc3 e6 9. O-O Bd7 10. d4 Be7 11. Re1 O-O 12. Rb1 Bf6 13. Bd3 b6 14. Ne5
Nxe5 15. dxe5 Be7 16. Bh6 f5 17. exf6 Bxf6 18. Qg4 Qe7 19. Rbd1 Rad8 20. Bc1
Bc8 21. Qe4 g6 22. Bh6 Bg7 23. Bxg7 Kxg7 24. Qe3 Qc5 25. Qxc5 bxc5 26. Bc4 Kf6
27. f4 Ke7 28. g3 Rxd1 29. Rxd1 Rd8 30. Rxd8 Kxd8 31. Kf2 Ke7 32. Ke3 h5 33. h3
Bb7 34. Bd3 Kf6 35. g4 hxg4 36. hxg4 g5 37. Be4 gxf4+ 38. Kxf4 e5+ 39. Kf3 Ba6
40. Bd5 Bd3 41. Ke3 Bc2 42. Be4 Bd1 43. Bf5 Ba4 44. Bc8 Bc6 45. a3 Bd5 46. Ba6
Kg5 47. Be2 Bc6 48. Bd1 Bb7 49. Bf3 Bc8 50. Bd1 1/2-1/2

[Event "Schachfestival 2016 - Open"]
[Site "Bad Woerishofen"]
[Date "2016.03.03"]
[Round "7.4"]
[White "Milov, Leonid"]
[Black "Friedrich, Norbert"]
[Result "1-0"]
[WhiteElo "2439"]
[BlackElo "2209"]
[PlyCount "49"]
[EventDate "2016.??.??"]

1. e4 c5 2. Nf3 e6 3. Nc3 a6 4. d4 cxd4 5. Nxd4 Qc7 6. Qf3 Nc6 7. Be3 Nf6 8.
O-O-O Nxd4 9. Bxd4 e5 10. Be3 d6 11. h3 b5 12. a3 h6 13. g4 Rb8 14. g5 hxg5 15.
Bxg5 Be7 16. Bxf6 Bxf6 17. Nd5 Bg5+ 18. Kb1 Qd8 19. Rg1 Rh4 20. Qc3 f6 21. f4
Rxf4 22. Nxf4 exf4 23. e5 fxe5 24. Rxg5 Qxg5 25. Qc7 1-0

[Event "Schachfestival 2016 - Open"]
[Site "Bad Woerishofen"]
[Date "2016.03.03"]
[Round "7.5"]
[White "Hess, Max"]
[Black "Pap, Misa"]
[Result "0-1"]
[WhiteElo "2275"]
[BlackElo "2483"]
[PlyCount "184"]
[EventDate "2016.??.??"]

1. e4 e5 2. Nf3 Nc6 3. Bb5 Nge7 4. c3 g6 5. d4 exd4 6. cxd4 d5 7. e5 Bg7 8. h3
O-O 9. O-O f6 10. exf6 Rxf6 11. Bxc6 Rxc6 12. Bf4 Re6 13. Be5 Bh6 14. Nc3 c6
15. Ne2 Nf5 16. Nc1 b6 17. Nd3 Ba6 18. Re1 Qd7 19. a4 Rae8 20. Nb4 Bb7 21. Nd3
Ba6 22. Nb4 Bc4 23. b3 Bf8 24. Nd3 Bxd3 25. Qxd3 Bb4 26. Red1 Rf8 27. Ra2 Qe7
28. Rc2 Nh4 29. Nxh4 Qxh4 30. Qg3 Qe4 31. Qd3 Qxd3 32. Rxd3 c5 33. Bg3 Rd8 34.
f3 Rc6 35. dxc5 bxc5 36. Bf2 Kf7 37. Kf1 a5 38. Bh4 Rd7 39. Bf2 Rcc7 40. Bg3
Rc8 41. Bf2 Rcc7 42. Bg3 Rc6 43. Bf2 Ke8 44. Ke2 Kd8 45. f4 Kc7 46. g4 Re7+ 47.
Kf3 d4 48. Re2 Rxe2 49. Kxe2 Re6+ 50. Kf3 Kd6 51. f5 gxf5 52. gxf5 Re8 53. Kf4
Kd5 54. f6 Re4+ 55. Kf5 Re5+ 56. Kf4 Ke6 57. Bh4 Be1 58. Bg5 Bf2 59. Kg4 Be3
60. h4 h6 61. f7 Kxf7 62. Bd8 Ke6 63. Rd1 Rf5 64. Bxa5 c4 65. Bb6 cxb3 66. Rb1
h5+ 67. Kg3 Bf4+ 68. Kg2 d3 69. Rxb3 d2 70. Rb1 Re5 71. Bf2 Kf5 72. Kf3 Rd5 73.
Rd1 Rd3+ 74. Ke2 Ra3 75. Rxd2 Bxd2 76. Kxd2 Rxa4 77. Ke3 Ra3+ 78. Ke2 Rh3 79.
Kf1 Kf4 80. Kg2 Kg4 81. Be1 Rb3 82. Bf2 Rb2 83. Kg1 Kf3 84. Bc5 Kg3 85. Kh1
Kxh4 86. Bd4 Rc2 87. Bb6 Kh3 88. Bd4 Rh2+ 89. Kg1 Rd2 90. Bc5 Rd1+ 91. Kf2 Kh2
92. Be7 Rd7 0-1

[Event "Schachfestival 2016 - Open"]
[Site "Bad Woerishofen"]
[Date "2016.03.03"]
[Round "7.6"]
[White "Friedel, Marcus"]
[Black "Schulze, Ulrich"]
[Result "0-1"]
[WhiteElo "2125"]
[BlackElo "2296"]
[PlyCount "68"]
[EventDate "2016.??.??"]

1. e4 c5 2. c3 Nf6 3. e5 Nd5 4. d4 cxd4 5. Nf3 e6 6. cxd4 b6 7. Nc3 Nxc3 8.
bxc3 Qc7 9. Be2 Qxc3+ 10. Bd2 Qa3 11. Rc1 Ba6 12. O-O Be7 13. Rc3 Qxa2 14. Ng5
Nc6 15. Bxa6 Qxa6 16. Qh5 Nxd4 17. Qxf7+ Kd8 18. Qxg7 Ne2+ 19. Kh1 Nxc3 20. Rc1
Rf8 21. Nf7+ Rxf7 22. Qxf7 Rc8 23. Bg5 Bxg5 24. Qg8+ Kc7 25. Rxc3+ Kb8 26.
Rxc8+ Qxc8 27. Qxg5 a5 28. h4 a4 29. Qe3 Qc5 30. Qd3 a3 31. Qxd7 a2 32. Qd8+
Kb7 33. Qd7+ Qc7 34. Qa4 Qc1+ 0-1

[Event "Schachfestival 2016 - Open"]
[Site "Bad Woerishofen"]
[Date "2016.03.03"]
[Round "7.7"]
[White "Zuse, Peter"]
[Black "Bogner, Sebastian"]
[Result "0-1"]
[WhiteElo "2213"]
[BlackElo "2539"]
[PlyCount "70"]
[EventDate "2016.??.??"]

1. e4 d5 2. exd5 Qxd5 3. Nc3 Qd8 4. d4 Nf6 5. Nf3 Bg4 6. h3 Bxf3 7. Qxf3 c6 8.
Be3 e6 9. Ne4 Be7 10. Be2 O-O 11. Nxf6+ Bxf6 12. c3 Nd7 13. O-O Nb6 14. Rfd1
Nd5 15. Bf4 Qb6 16. Rd2 Rad8 17. Qg3 Nxf4 18. Qxf4 e5 19. Qf5 Rd6 20. Rad1 exd4
21. cxd4 Bxd4 22. Bf3 g6 23. Qc2 Re8 24. b3 Qd8 25. g3 Re5 26. Kg2 h5 27. Qc4
b5 28. Qd3 Ree6 29. Bxc6 a6 30. Bf3 h4 31. g4 Qg5 32. Qf1 Qf4 33. Qg1 Re3 34.
Rxd4 Qxf3+ 35. Kf1 Qxd1+ 0-1

[Event "Schachfestival 2016 - Open"]
[Site "Bad Woerishofen"]
[Date "2016.03.03"]
[Round "7.8"]
[White "Felgendreher, Heiko"]
[Black "Chatalbashev, Boris"]
[Result "0-1"]
[WhiteElo "2219"]
[BlackElo "2563"]
[PlyCount "56"]
[EventDate "2016.??.??"]

1. e4 g6 2. d4 Bg7 3. Nc3 c6 4. f4 d5 5. e5 Nh6 6. Nf3 f6 7. Bd3 O-O 8. O-O Bg4
9. h3 Bxf3 10. Rxf3 e6 11. Be3 c5 12. Nb5 c4 13. Be2 Nf5 14. Bf2 Qb6 15. Nc3
Nc6 16. Na4 Qc7 17. g4 fxe5 18. fxe5 Nfxd4 19. Bxd4 Nxe5 20. Rxf8+ Rxf8 21. Kg2
Nd3 22. Bg1 Nf4+ 23. Kh1 Nxh3 24. Kg2 Nxg1 25. Qxg1 Qc6 26. Qxa7 d4+ 27. Kg1 d3
28. cxd3 cxd3 0-1

[Event "Schachfestival 2016 - Open"]
[Site "Bad Woerishofen"]
[Date "2016.03.03"]
[Round "7.9"]
[White "Dewenter, Ulf"]
[Black "Zude, Arno"]
[Result "0-1"]
[WhiteElo "2196"]
[BlackElo "2389"]
[PlyCount "46"]
[EventDate "2016.??.??"]

1. e4 e5 2. Nf3 Nc6 3. c3 Nf6 4. d4 Nxe4 5. d5 Bc5 6. dxc6 Bxf2+ 7. Ke2 Bb6 8.
Qd5 Nf2 9. Rg1 O-O 10. cxb7 Bxb7 11. Qxb7 e4 12. Nd4 Qf6 13. Be3 Ng4 14. h3
Nxe3 15. Kxe3 Qg5+ 16. Ke2 Rab8 17. Qa6 Bxd4 18. cxd4 Rxb2+ 19. Kd1 Qe3 20. Rh1
Rfb8 21. Bc4 Qxd4+ 22. Kc1 Rxb1+ 23. Rxb1 Qc3+ 0-1

[Event "Schachfestival 2016 - Open"]
[Site "Bad Woerishofen"]
[Date "2016.03.03"]
[Round "7.10"]
[White "Pirrot, Dieter"]
[Black "Hildenbrand, Peter"]
[Result "1-0"]
[WhiteElo "2380"]
[BlackElo "2194"]
[PlyCount "65"]
[EventDate "2016.??.??"]

1. d4 d6 2. e4 Nf6 3. Nc3 e5 4. Nf3 Nbd7 5. g4 Nxg4 6. Rg1 Ngf6 7. Bc4 h6 8.
Be3 c6 9. dxe5 dxe5 10. Qd3 b5 11. Bb3 Qa5 12. O-O-O Ba6 13. Nd2 c5 14. Nd5 c4
15. Nxc4 bxc4 16. Nxf6+ Nxf6 17. Bxc4 Bxc4 18. Qxc4 Rd8 19. Qc6+ Nd7 20. Kb1
Bc5 21. Rd5 O-O 22. Qxh6 g6 23. Bg5 Rb8 24. b3 Rfc8 25. Rxd7 Bf8 26. Bd2 Qa6
27. Qh3 Rxc2 28. Kxc2 Qxa2+ 29. Kd1 Qb1+ 30. Bc1 Rb6 31. Qd3 Qa1 32. Qd5 Rf6
33. Rxg6+ 1-0

[Event "Schachfestival 2016 - Open"]
[Site "Schachfestival 2016 - Open"]
[Date "2016.03.02"]
[Round "7.19"]
[White "Diotallevi, Maurizio"]
[Black "Juhnke, Juergen"]
[Result "0-1"]
[WhiteElo "2061"]
[BlackElo "2214"]
[Annotator "chessorg"]
[PlyCount "60"]
[EventDate "2016.??.??"]
[WhiteTeam "Castelfidardo"]
[BlackTeam "SK Lister Turm"]

1. d4 Nf6 2. Nf3 g6 3. Bf4 Bg7 4. Nbd2 c5 5. c3 cxd4 6. cxd4 Nc6 7. e3 d6 8. h3
O-O 9. Be2 Re8 10. Nb3 Bf5 11. a3 Qb6 12. O-O e5 13. Bh2 Be6 14. Nbd2 exd4 15.
Nxd4 Nxd4 16. exd4 Qxb2 17. Bxd6 Qxd4 18. Nf3 Qxd1 19. Raxd1 Bxh3 20. Ba6 Bxg2
21. Kxg2 bxa6 22. Rfe1 Rxe1 23. Rxe1 Bf8 24. Be5 Ng4 25. Bb2 Bc5 26. Nd4 Rb8
27. Re2 f5 28. f3 Ne3+ 29. Kh3 Rxb2 30. Rxb2 Bxd4 0-1

[Event "Schachfestival 2016 - Open"]
[Site "Schachfestival 2016 - Open"]
[Date "2016.03.02"]
[Round "7.47"]
[White "Remensberger, Hansuli"]
[Black "Schinnerl, Werner"]
[Result "1-0"]
[WhiteElo "2010"]
[BlackElo "1910"]
[Annotator "chessorg"]
[PlyCount "49"]
[EventDate "2016.??.??"]
[WhiteTeam "Chessflyers Kloten"]
[BlackTeam "SK Reutte"]

1. d4 Nf6 2. Nf3 g6 3. g3 Bg7 4. Bg2 O-O 5. O-O d6 6. b3 e6 7. Bb2 Nc6 8. c4
Nd7 9. Nc3 a6 10. Qd2 Ne7 11. e4 Rb8 12. Rfe1 c5 13. dxc5 dxc5 14. Rad1 Nc6 15.
Na4 b5 16. cxb5 axb5 17. Bxg7 Kxg7 18. Nxc5 Nxc5 19. Qc3+ Qf6 20. Qxc5 Nd8 21.
e5 Qf5 22. Qc7 Nc6 23. Qxc6 Bb7 24. Qc3 Bxf3 25. Qxf3 1-0

[Event "Schachfestival 2016 - Open"]
[Site "Schachfestival 2016 - Open"]
[Date "2016.03.02"]
[Round "7.63"]
[White "Koch, Till"]
[Black "Mattes, Heinz"]
[Result "0-1"]
[WhiteElo "1871"]
[BlackElo "1959"]
[Annotator "chessorg"]
[PlyCount "42"]
[EventDate "2016.??.??"]
[WhiteTeam "SV Unser Fritz Wanne-Eickel"]
[BlackTeam "SK Siemens Muenchen"]

1. e4 e6 2. d4 d5 3. Nc3 Nf6 4. e5 Nfd7 5. f4 c5 6. Nf3 Nc6 7. Be3 a6 8. Be2
cxd4 9. Nxd4 Bc5 10. Na4 Bxd4 11. Bxd4 Ndxe5 12. g3 Nd7 13. O-O Nxd4 14. Qxd4
O-O 15. c4 dxc4 16. Rfd1 Qc7 17. Bf3 e5 18. fxe5 Nxe5 19. Bg2 Bg4 20. Re1 Nf3+
21. Bxf3 Bxf3 0-1

[Event "Schachfestival 2016 - Open"]
[Site "Schachfestival 2016 - Open"]
[Date "2016.03.02"]
[Round "7.64"]
[White "Khudovekov, Maksim"]
[Black "Halli, Gerhard"]
[Result "1-0"]
[WhiteElo "1811"]
[BlackElo "1957"]
[Annotator "chessorg"]
[PlyCount "35"]
[EventDate "2016.??.??"]
[BlackTeam "SK Sandhausen"]

1. e4 d5 2. exd5 Qxd5 3. Nf3 Nf6 4. d4 c6 5. c4 Qa5+ 6. Bd2 Qc7 7. Nc3 Bg4 8.
Be2 e6 9. h3 Bh5 10. O-O Bd6 11. Be3 O-O 12. d5 exd5 13. cxd5 a6 14. Rc1 Re8
15. Qb3 Qe7 16. Rfd1 b5 17. dxc6 Nxc6 18. Nd5 1-0

[Event "Schachfestival 2016 - Open"]
[Site "Schachfestival 2016 - Open"]
[Date "2016.03.02"]
[Round "7.71"]
[White "Weller, Uli"]
[Black "Antoniacci, Riccardo"]
[Result "1-0"]
[WhiteElo "1947"]
[BlackElo "1820"]
[Annotator "chessorg"]
[PlyCount "53"]
[EventDate "2016.??.??"]
[WhiteTeam "SK Buchloe"]
[BlackTeam "DLF Rimini"]

1. e4 e5 2. Nf3 Nc6 3. d4 exd4 4. Bc4 Nf6 5. e5 d5 6. Bb5 Ne4 7. Nxd4 Bd7 8.
Bxc6 bxc6 9. O-O Bc5 10. c3 O-O 11. f3 Ng5 12. f4 Ne4 13. Be3 Rb8 14. b4 Bb6
15. Re1 Qe7 16. Nb3 f6 17. Bxb6 axb6 18. N1d2 Nxc3 19. Qc2 Na4 20. e6 Be8 21.
Nd4 Qxb4 22. N2f3 c5 23. Nf5 Nc3 24. Re3 d4 25. Ng5 fxg5 26. Ne7+ Kh8 27. Qxh7+
1-0

[Event "Schachfestival 2016 - Open"]
[Site "Schachfestival 2016 - Open"]
[Date "2016.03.02"]
[Round "7.76"]
[White "Wltschek, Christian"]
[Black "Urban, Rudolf"]
[Result "0-1"]
[WhiteElo "1958"]
[BlackElo "1841"]
[Annotator "chessorg"]
[PlyCount "44"]
[EventDate "2016.??.??"]
[WhiteTeam "SG Post/Sued Regensburg"]
[BlackTeam "SC Roter Turm Altstadt"]

1. e4 c6 2. d4 d5 3. Nd2 dxe4 4. Nxe4 Nf6 5. Nxf6+ exf6 6. c3 Bd6 7. Bd3 O-O 8.
Qc2 Re8+ 9. Ne2 g6 10. h4 Na6 11. h5 f5 12. hxg6 fxg6 13. Bh6 Be6 14. O-O-O Qa5
15. Rdg1 Qxa2 16. g4 Bb3 17. Qd2 Qa1+ 18. Bb1 Ba2 19. Qc2 Rxe2 20. Qxe2 Qxb1+
21. Kd2 Qxb2+ 22. Kd3 Bc4+ 0-1